Музыкальные деятели по их общему описанию - Statistics

General Stats
  • This quiz has been taken 19 times
  • The average score is 19 of 50
Answer Stats
Описание Музыкальный деятель % Correct
Один из известнейших композиторов в истории, родом из Германии, известный своей глухотой Людвиг ван Бетховен
89%
Австрийский классический композитор, музыкально одарённый с раннего детства Вольфган Амадей Моцарт
89%
Один из известнейших на весь мир рок-квартетов, родом из британского Ливерпуля The Beatles
89%
Немецкий классический композитор, сочинявший в основном сложные религиозные симфонии для органа Иоганн Себастьян Бах
83%
Прославленный на весь мир русский композитор, вне музыкального мира известный благодаря своей гомосексуальности Пётр Ильич Чайковский
78%
Шведская поп-группа, состоящая из двух мужей и двух жён, популярная в среде старшего поколения благодаря простым и приятным на слух песням ABBA
78%
Король рок-н-ролла Элвис Пресли
72%
Российская панк-рок-группа, заработавшая себе популярность благодаря страшным сказкам в текстах песен Король и Шут
72%
Советская рок-группа позднего СССР с героично-пафосными и житейско-философскими текстами, фронтмен которой стал символом борьбы с неповоротливой архаичной авторитарной системы Кино
72%
Украинский травести-артист в образе обаятельной эксцентричной большегрудой провинциальной женщины средних лет Верка Сердючка
72%
Известнейшее трио в жанре "гранж", фронтмен которого известен своей борьбой за права меньшинств и предполагаемым суицидом из ружья в середине девяностых Nirvana
72%
Российский рэпер, известный своими сложными и поэтичными текстами, которые, тем не менее, воспринимаются публикой неоднозначно Oxxxymiron
72%
Известнейший белый рэпер мира, принятый бонзами чёрного хип-хопа своим Эминем
67%
Американский темнокожий поп-музыкант, известный своими заводными песнями, ритмичными плавными танцевальными движениями, многочисленными пластическими операциями по отбеливанию лица и, увы, скандалом с растлением малолетних Майкл Джексон
61%
Икона жанра "регги" с Ямайки 70-х годов Боб Марли
56%
Американская поп-дива, активно выступающая за полную раскрепощённость артиста на сцене и угнетаемые меньшинства Мадонна
56%
Невероятно популярный в СССР автор-исполнитель под гитару, затрагивавший серьёзные темы в текстах и певший хриплым надрывным голосом Владимир Высоцкий
56%
Виртуальная группа из Британии, участники которой нарисованы в стиле, близком к стрит-арту/граффити Gorillaz
56%
Итальянская рок-группа, которую прославила победа на Евровидении в 2021 году Maneskin
56%
Убитый очень рано по причине конфликта со своим бывшим другом рэпер с западного побережья США, писавший о проблемах темнокожих с окраин Тупак Шакур
50%
Панк-группа эпохи позднего СССР из Омска, известная своими грязным звуком и экспрессивно-сатирическими текстами, позднее, уже после распада Советского Союза, звучание коллектива стало более психоделичным, а тексты - абстрактно-лиричными Гражданская Оборона
44%
Уличная группа из Санкт-Петербурга, участники которой были задержаны осенью 2025 года de facto за исполнение песен "нежелательных" артистов и выдворены из страны за рубеж СтопТайм
39%
Немецкая хард-рок-группа из Ганновера, широко известная своими рок-балладами Scorpions
33%
Фронтмен этой группы известен благодаря сформулированному им девизу "Секс, наркотики, рок-н-ролл" The Rolling Stones
33%
Эксцентричный британский рок-музыкант, эпатировавший публику откусыванием головы летучей мыши на сцене Оззи Осборн
28%
Итальянский композитор, который в юности не смог поступить в консерваторию, позднее названную его именем Джузеппе Верди
28%
Советская и российская рок-группа, известная музыкальными экспериментами и заигрыванием с буддистскими темами и практиками Аквариум
28%
Исполнитель самого известного музыкального Интернет-мема "Never Gonna Give You Up" (он же RickRoll) Рик Эстли
28%
Популярная даже за рубежом в узких кругах эпатажная современная поп-группа Little Big
28%
Весьма популярная американская группа тяжёлого рока, считающаяся одним из самых коммерчески успешных метал-коллективов в истории Metallica
28%
Популярная немецкая индастриал-метал-группа, эпатирующая публику своими масштабными фаер-шоу на концертах и провокационными клипами Rammstein
28%
Американская ню-метал-группа из Айовы, выступающая в страшных кожаных масках Slipknot
22%
Американский темнокожий гитарист-виртуоз, умевший играть на гитаре даже ногами, умерший в возрасте 27-ми лет Джими Хендрикс
17%
Прогрессивная рок-группа из Лондона, известная своими концептуальными альбомами и критикой коммерциализации музыкальной индустрии Pink Floyd
17%
Главный фолк-рок-музыкант АмерикиЮ получивший Нобелевскую премию по литературе за свою народную поэзию Боб Дилан
11%
Невероятно популярная американская певица, ранее исполнявшая кантри Тейлор Свифт
11%
Украинская поп/рок-группа, ныне, увы, покойный фронтмен которой всегда сочинял простые, но в то же время очень лиричные и глубокие тексты и мелодии Скрябiн
11%
Британская панк-рок-группа, вызывавшая настоящие народные волнения своей анти-монархистской деятельностью Sex Pistols
11%
Ню-метал-группа из Калифорнии, состоящая из этнических армян из диаспоры, с серьёзными сюрреалистическими текстами System of a Down
11%
Американский военный времён Второй мировой, возглавлявший джазовый оркестр Гленн Миллер
6%
Британская рок-группа, состоящая из виртуозов и взявшая себе название из-за предрекаемого им коллегами музыкального краха Led Zeppelin
6%
Немецкая группа, сочиняющая ритмичную танцевальную музыку и заводящая толпу на выступлениях Scooter
6%
Британский авангардный композитор, известный благодаря своей партитуре тишины в четыре с половиной минуты Джон Кейдж
0%
Джазовый трубач, прозванный за свою ловкую виртуозную игру "Птицей" Чарли Паркер
0%
Греческий композитор, пионер электронной музыки, автор саундтреков к фильмам "Бегущий по лезвию" и "Огненные колесницы" Вангелис
0%
Немецкий композитор ранней электроники, экспериментировавший со звукозаписью - проигрыванием треков задом наперёд, вычленению звуков, их перемешиванию и так далее Карлхайнц Штокхаузен
0%
Анти-советская группа, состоявшая из академических музыкантов, ушедших в подполье, и занимавшаяся толстым троллингом всех слоёв советского общества ДК
0%
Американский темнокожий гитарист-виртуоз, по распространённой байке продавший душу дьяволу за свой дар Роберт Джонсон
0%
Трио экспериментального хип-хопа, состоящее из кричаще-шепчущего вокалиста и автора песен, барабанщика-продюсера и музыканта-электронщика, вычленяющего звуки из всего на свете Death Grips
0%
Популярная на момент конца 2025 года нейросеть для создания собственной музыки и песен Suno AI / Udio AI
0%
No matching quizzes found
Score Distribution
Percent of People with Each Score
Percentile by Number Answered
Your Score History
You have not taken this quiz